书目信息 |
| 题名: |
浙江省高速公路建设创新与实践系列丛书
|
|
| 作者: | ;“浙江省高速公路建设创新与实践系列丛书”编写委员会 编著 | |
| 分册: | 党建篇 | |
| 出版信息: | 北京 人民交通出版社股份有限公司 2021.12 |
|
| 页数: | 123页 | |
| 开本: | 26cm | |
| 丛书名: | ||
| 单 册: | ||
| 中图分类: | U412.36 , D267.1 | |
| 科图分类: | ||
| 主题词: | 高速公路--gao su gong lu--道路建设--浙江 | |
| 电子资源: | ||
| ISBN: | 978-7-114-17459-9 | |
| 000 | 01273nam0 2200253 450 | |
| 001 | 011025153900 | |
| 005 | 20221025153900.0 | |
| 010 | @a978-7-114-17459-9@dCNY100.00 | |
| 100 | @a20201004d2021 em y0chiy0120 ea | |
| 101 | 0 | @achi |
| 102 | @aCN@b110000 | |
| 105 | @aa z 000yy | |
| 106 | @ar | |
| 200 | 1 | @a浙江省高速公路建设创新与实践系列丛书@Azhe jiang sheng gao su gong lu jian she chuang xin yu shi jian xi lie cong shu@i党建篇@f“浙江省高速公路建设创新与实践系列丛书”编写委员会编著 |
| 210 | @a北京@c人民交通出版社股份有限公司@d2021.12 | |
| 215 | @a123页@c彩图, 彩照@d26cm | |
| 300 | @a浙江交通集团 | |
| 330 | @a本书共分七章,从基层基础、融入中心抓党建、党建带工团、党风廉政建设、企业文化与社会责任等五个方面,全面反映了杭州都市高速公路有限公司聚焦基层基础、强化党建引领、突出实操指导的经验做法,是一部既实用又便捷的“党建好帮手”。 | |
| 601 | 02 | @a中国共产党@Azhong guo gong chan dang@x高速公路@x交通运输企业@x基层组织@x党的建设@y浙江 |
| 606 | 0 | @a高速公路@Agao su gong lu@x道路建设@y浙江 |
| 690 | @aU412.36@v5 | |
| 690 | @aD267.1@v5 | |
| 711 | 02 | @a“浙江省高速公路建设创新与实践系列丛书”编写委员会@Azhe jiang sheng gao su gong lu jian she chuang xin yu shi jian xi lie cong shu bian xie wei yuan hui@4编著 |
| 905 | @a河南城建学院图书馆@dU412.36@eZ3874 | |
| 浙江省高速公路建设创新与实践系列丛书.党建篇/“浙江省高速公路建设创新与实践系列丛书”编写委员会编著.-北京:人民交通出版社股份有限公司,2021.12 |
| 123页:彩图, 彩照;26cm |
| 浙江交通集团 |
| ISBN 978-7-114-17459-9:CNY100.00 |
| 本书共分七章,从基层基础、融入中心抓党建、党建带工团、党风廉政建设、企业文化与社会责任等五个方面,全面反映了杭州都市高速公路有限公司聚焦基层基础、强化党建引领、突出实操指导的经验做法,是一部既实用又便捷的“党建好帮手”。 |
| ● |
| 相关链接 |
|
|
|
正题名:浙江省高速公路建设创新与实践系列丛书
索取号:U412.36/Z3874
 
预约/预借
| 序号 | 登录号 | 条形码 | 馆藏地/架位号 | 状态 | 备注 |
| 1 | 1589970 | 215899703 | 自科库501/501自科库 51排5列3层/ [索取号:U412.36/Z3874] | 在馆 |